Giáo trình thực hành Revit Architecture 2009 & Revit Mep 2009

Sách hướng dẫn thực hành từng bước để thiết kế ra mô hình và bản vẽ kỹ thuật cho xây dựng nhà cửa và các thành phần khác trong nhà, giúp bạn đọc thành công hơn trong công việc.

Sparad:
Bibliografiska uppgifter
Huvudupphovsman: Phùng, Thị Nguyệt
Materialtyp: Bok
Språk:Undetermined
Publicerad: Thành phố Hồ Chí Minh Giao thông vận tải 2009
Ämnen:
Taggar: Lägg till en tagg
Inga taggar, Lägg till första taggen!
Thư viện lưu trữ: Trung tâm Học liệu Trường Đại học Cần Thơ
LEADER 01036nam a2200217Ia 4500
001 CTU_159063
008 210402s9999 xx 000 0 und d
020 |c 90000 
082 |a 720.2840285 
082 |b Ng528 
100 |a Phùng, Thị Nguyệt 
245 0 |a Giáo trình thực hành Revit Architecture 2009 & Revit Mep 2009 
245 0 |c Biên soạn: Phùng Thị Nguyệt 
260 |a Thành phố Hồ Chí Minh 
260 |b Giao thông vận tải 
260 |c 2009 
520 |a Sách hướng dẫn thực hành từng bước để thiết kế ra mô hình và bản vẽ kỹ thuật cho xây dựng nhà cửa và các thành phần khác trong nhà, giúp bạn đọc thành công hơn trong công việc. 
650 |a Architectural drawing,Architectural design,Computer graphics 
650 |x Computer-aided design,Data processing 
904 |i HHTrang (Ngọc Mai, Bé Ba), Giang 
980 |a Trung tâm Học liệu Trường Đại học Cần Thơ